Statistics for Top 30 NBA 2018-19 Power Forwards

Click here to take the quiz!

General Stats

  • This quiz has been taken 279 times
  • The average score is 19 of 30

Answer Stats

Rank Player Team % Correct
1Draymond GreenWarriors
100%
3Kevin LoveCavaliers
97%
4Blake GriffinPistons
97%
2LaMarcus AldridgeSpurs
95%
5Aaron GordonMagic
89%
7Paul MillsapNuggets
82%
8Kristaps PorzingisKnicks
80%
6Julius RandlePelicans
77%
11Derrick FavorsJazz
71%
13Lauri MarkkanenBulls
70%
14Kyle KuzmaLakers
69%
16Taj GibsonTimberwolves
68%
20Serge IbakaRaptors
65%
9Tobias HarrisClippers
63%
12Nikola MiroticPelicans
61%
24Markieff MorrisWizards
58%
22Marcus MorrisCeltics
58%
10Dario SaricTimberwolves
56%
23Al-Farouq AminuTrail Blazers
54%
21John CollinsHawks
52%
25Dirk NowitzkiMavericks
50%
26Pascal SiakamRaptors
50%
19Thaddeus YoungPacers
48%
28Jerami GrantThunder
43%
18James JohnsonHeat
42%
15Carmelo AnthonyRockets
42%
17Jabari ParkerBulls
36%
29Jordan BellWarriors
32%
30Jonathan IsaacMagic
25%
27Ersan IlyasovaBucks
24%

Score Distribution

Percentile by Number Answered

Percent of People with Each Score

Your Score History

You have not taken this quiz